Loading...
| Current Events | 2 | 15.00 | 100% | 50% | 0% |
| Fine Arts - Auditory | 3 | 10.00 | 100% | 0% | 0% |
| Fine Arts - Other | 2 | 10.00 | 100% | 0% | 0% |
| Fine Arts - Visual | 2 | 10.00 | 50% | 50% | 0% |
| Geography | 4 | 10.00 | 100% | 0% | 0% |
| History - American | 1 | 10.00 | 100% | 0% | 0% |
| History - Ancient/Other | 3 | 6.67 | 67% | 0% | 0% |
| History - European | 3 | 16.67 | 100% | 67% | 0% |
| History - World | 5 | 10.00 | 100% | 0% | 0% |
| Literature - American | 2 | 10.00 | 100% | 0% | 0% |
| Literature - British | 4 | 7.50 | 25% | 25% | 25% |
| Literature - World | 4 | 10.00 | 75% | 25% | 0% |
| Other Academic | 3 | 10.00 | 100% | 0% | 0% |
| Philosophy | 5 | 6.00 | 40% | 20% | 0% |
| Science - Biology | 2 | 10.00 | 100% | 0% | 0% |
| Science - Chemistry | 7 | 11.43 | 86% | 14% | 14% |
| Science - Other | 2 | 15.00 | 100% | 50% | 0% |
| Science - Physics | 2 | 5.00 | 50% | 0% | 0% |
| Social Science | 3 | 6.67 | 67% | 0% | 0% |